00526nam a2200205Ia 450000500170000000800460001702000180006303700100008104000080009104000080009904000080010704100080011504100080012308400080013124500770013926000310021626000090024765000150025685600490027120260306150357.0008 260114s9999 xx 000 0 eng d a9781400832385 aEbook aCRL beng cCRL 2eng aeng qCRL 0aChristian Discourses: The Crisis and a Crisis in the Life of an Actress. bPrinceton University Press c1997 aPhilosophy uhttps://www.degruyter.com/isbn/9781400832385